Implementace balanced scorecard

Obsahové vymedzenie metodiky balanced scorecard. Implementácia metódy balanced scorecard do podniku. Využitie nástrojov business intelligence. Koncept BSC.

Guardado en:
Detalles Bibliográficos
Autor principal: Vodička, Milan
Formato: Capítulo de libro
Lenguaje:checo
Materias:
Etiquetas: Agregar Etiqueta
Sin Etiquetas, Sea el primero en etiquetar este registro!

MARC

LEADER 00000naa a2200000 4500
001 r047998
005 20231002104405.2
041 0 |a cze 
044 |a CZ 
245 1 0 |a Implementace balanced scorecard  |c Milan Vodička 
520 |a Obsahové vymedzenie metodiky balanced scorecard. Implementácia metódy balanced scorecard do podniku. Využitie nástrojov business intelligence. Koncept BSC. 
610 2 0 |a kontroling 
610 2 0 |a riadenie podnikové 
610 2 0 |a metóda BSC 
610 2 0 |a stratégia podniková 
610 2 0 |a manažment 
610 2 0 |a tímy pracovné 
610 2 0 |a technológie informačné 
100 1 |a Vodička, Milan